| 000 | 00425nam a22001697a 4500 | ||
|---|---|---|---|
| 003 | NUST - PNEC | ||
| 005 | 20170116180942.0 | ||
| 008 | 150907b xxu||||| |||| 00| 0 eng d | ||
| 020 | _a0827329938 | ||
| 040 | _cLIBRARY | ||
| 082 | _a621.381 MEA | ||
| 100 |
_98762 _aMeade, Russell L. |
||
| 245 |
_aFoundations of electronics _cRussell L. Meade |
||
| 260 | _cc.1991 | ||
| 650 |
_98764 _aElectronics _xEL |
||
| 942 |
_2ddc _cBK |
||
| 999 |
_c66174 _d66174 |
||